The Blackwell encyclopedia of management accounting (Record no. 3469)
[ view plain ]
| 000 -LEADER | |
|---|---|
| fixed length control field | 00818cam a22002174a 4500 |
| 008 - FIXED-LENGTH DATA ELEMENTS--GENERAL INFORMATION | |
| fixed length control field | 041020s2005 maua bd 001 0 eng |
| 020 ## - INTERNATIONAL STANDARD BOOK NUMBER | |
| ISBN | 140511827X (hardcover : alk. paper) |
| 100 ## - MAIN ENTRY--AUTHOR | |
| Author | Clubb, Cotin |
| 245 04 - TITLE STATEMENT | |
| Title | The Blackwell encyclopedia of management accounting |
| Statement of responsibility, etc | edited by Colin Clubb. |
| 250 ## - EDITION STATEMENT | |
| Edition statement | 2nd ed. |
| 260 ## - PUBLICATION, DISTRIBUTION, ETC. (IMPRINT) | |
| Place of publication | Malden, MA : |
| Name of publisher | Blackwell Pub., |
| Date of publication | 2005 |
| 300 ## - COLLATION | |
| Pagination | xii, 441 p. : |
| Other physical details | ill. |
| 440 #4 - SERIES STATEMENT/ADDED ENTRY--TITLE | |
| Series Title | The Blackwell encyclopedia of management ; |
| 500 ## - GENERAL NOTE | |
| General note | Rev. ed. of: The Blackwell encyclopedic dictionary of accounting / edited by Rashad Abdel-Khalik. 1998. |
| 650 #0 - TRACINGS | |
| Main Subject | Accounting |
| Subdivision (1st) | Dictionaries. |
| 700 1# - ADDITIONAL AUTHOR | |
| Additional Author | Clubb, Colin. |
| 856 41 - ELECTRONIC LOCATION AND ACCESS | |
| URL | http://www.loc.gov/catdir/toc/ecip052/2004024923.html |
| 942 ## - ADDED ENTRY ELEMENTS (KOHA) | |
| Item type | Books |
| 050 00 - LIBRARY OF CONGRESS CALL NUMBER | |
| Classification number | HD30.15 |
| Item number | .B455 2005 vol. 1 |
| Classification number | HF5621 |
| 082 00 - DEWEY DECIMAL CLASSIFICATION NUMBER | |
| Classification number | 658/.003 s |
| -- | 657/.03 |
| Source of classification or shelving scheme | Not for loan | Permanent location | Current location | Date acquired | Accession No. | Full call number | Barcode. | Koha item type |
|---|---|---|---|---|---|---|---|---|
| Library of Congress Classification | Samuel Ogbemudia Main Library, University of Abuja | Samuel Ogbemudia Main Library, University of Abuja | 05/14/2025 | 2024/64104 | HD30.15.C58 | 2025-1936 | Books |